[Event "Tomaszow Lubelski Cup"]
[Site "Tomaszow Lubelski"]
[Date "2011.01.20"]
[Round "?"]
[White "Bartoszek, Jakub"]
[Black "Bebnik, Malgorzata"]
[Result "1-0"]
[WhiteElo "1680"]
[BlackElo "1255"]
[PlyCount "93"]
[EventDate "2011.01.17"]
[EventType "tourn"]
[EventRounds "7"]
[EventCountry "POL"]
[SourceTitle "EXT 2023"]
[Source "ChessBase"]
[SourceDate "2022.10.05"]
[SourceVersion "1"]
[SourceVersionDate "2022.10.05"]
[SourceQuality "1"]

1. d4 d5 2. c4 c6 3. e3 Bf5 4. Nc3 e6 5. Nf3 Nf6 6. Bd3 Bxd3 7. Qxd3 Bd6 8. 0-0 0-0 9. Nd2 dxc4 10. Nxc4 Qc7 11. Nxd6 Qxd6 12. Qc2 Nbd7 13. Rd1 Qc7 14. e4 Rac8 15. f4 Rfd8 16. e5 Nd5 17. Ne4 Nf8 18. b3 Ng6 19. Nd6 Ra8 20. Rf1 Qb6 21. Qf2 f5 22. Bd2 Rd7 23. h3 Rf8 24. g3 Nf6 25. Nc4 Qxd4 26. exf6 Qxf6 27. Be3 a6 28. Rad1 Rfd8 29. Qe2 b5 30. Nb2 Ne7 31. Rxd7 Rxd7 32. Rd1 Rxd1+ 33. Nxd1 Nd5 34. Kf2 Qh6 35. h4 Qf6 36. Qd2 Qe7 37. Bd4 h6 38. Ne3 Nxe3 39. Qxe3 Qd6 40. Qe5 Qxe5 41. Bxe5 Kf7 42. Ke3 Ke7 43. Kd4 Kd7 44. Kc5 a5 45. a4 g6 46. axb5 cxb5 47. Kxb5 1-0

[Event "POL-ch qual U15"]
[Site "Lublin"]
[Date "2010.09.24"]
[Round "5.3"]
[White "Daciuk, Jaroslaw"]
[Black "Bartoszek, Jakub"]
[Result "0-1"]
[WhiteElo "1554"]
[BlackElo "1682"]
[PlyCount "80"]
[EventDate "2010.09.22"]
[EventType "swiss"]
[EventRounds "9"]
[EventCountry "POL"]
[SourceTitle "EXT 2023"]
[Source "ChessBase"]
[SourceDate "2022.10.05"]
[SourceVersion "1"]
[SourceVersionDate "2022.10.05"]
[SourceQuality "1"]

1. c4 g6 2. Nc3 Bg7 3. Nf3 Nf6 4. g3 0-0 5. Bg2 d6 6. d4 Re8 7. 0-0 Nbd7 8. h3 a6 9. Be3 Rb8 10. Qc1 b5 11. cxb5 axb5 12. Nd2 Bb7 13. Bxb7 Rxb7 14. Nde4 Nxe4 15. Nxe4 e5 16. d5 f5 17. Ng5 Nf8 18. Qc6 Qb8 19. Qc2 b4 20. Rfc1 h6 21. Nf3 Nd7 22. Nh4 Nf8 23. g4 f4 24. Bd2 g5 25. Nf5 Nd7 26. Nxh6+ Bxh6 27. Qg6+ Bg7 28. Qxg5 Nf6 29. h4 Ne4 30. Qg6 Nxd2 31. Rc2 Rf8 32. Rxd2 Rf6 33. Qe4 Qc8 34. f3 Qa8 35. g5 Rf7 36. Kg2 Ra7 37. h5 Qd8 38. Qg6 Kf8 39. h6 Bh8 40. Qh5 Rf5 0-1

[Event "Klementowice Gr-A 1st"]
[Site "Klementowice"]
[Date "2010.08.26"]
[Round "4.7"]
[White "Bartoszek, Jakub"]
[Black "Jankowski, Dawid"]
[Result "1-0"]
[WhiteElo "1685"]
[BlackElo "1724"]
[PlyCount "105"]
[EventDate "2010.08.23"]
[EventType "swiss"]
[EventRounds "9"]
[EventCountry "POL"]
[SourceTitle "EXT 2023"]
[Source "ChessBase"]
[SourceDate "2022.10.05"]
[SourceVersion "1"]
[SourceVersionDate "2022.10.05"]
[SourceQuality "1"]

1. d4 Nf6 2. Nf3 g6 3. c4 c5 4. d5 b5 5. cxb5 a6 6. bxa6 Bxa6 7. Nc3 d6 8. e4 Bxf1 9. Kxf1 Nbd7 10. g3 Bg7 11. Kg2 0-0 12. h3 Qb6 13. Re1 Rfb8 14. Re2 Ne8 15. Bg5 Nef6 16. Qd2 Ra7 17. Rb1 Qa5 18. Bh6 Bh8 19. Rbe1 Ne8 20. Bf4 Rxb2 21. Qxb2 Bxc3 22. Qc2 Bxe1 23. Nxe1 e5 24. dxe6 fxe6 25. Qc4 Kf7 26. Nf3 Nf8 27. Bh6 Qa4 28. Ng5+ Kg8 29. Qxa4 Rxa4 30. Bxf8 Kxf8 31. e5 h6 32. Nxe6+ Ke7 33. exd6+ Kxd6 34. Nxc5 Ra8 35. Nd3 g5 36. Ne5 Ra6 37. Nc4+ Kd7 38. a4 Nc7 39. a5 Kc6 40. Re5 Ra8 41. Rf5 Nd5 42. Nb6 Rxa5 43. Nxd5 Rxd5 44. Rxd5 Kxd5 45. Kf3 h5 46. h4 gxh4 47. gxh4 Ke5 48. Ke3 Kf5 49. f3 Ke5 50. f4+ Kf5 51. Kf3 Kf6 52. Ke4 Ke6 53. f5+ 1-0

[Event "Klementowice Gr-A 1st"]
[Site "Klementowice"]
[Date "2010.08.24"]
[Round "2.8"]
[White "Bartoszek, Jakub"]
[Black "Celmer, Jan"]
[Result "0-1"]
[WhiteElo "1685"]
[BlackElo "1901"]
[PlyCount "48"]
[EventDate "2010.08.23"]
[EventType "swiss"]
[EventRounds "9"]
[EventCountry "POL"]
[SourceTitle "EXT 2023"]
[Source "ChessBase"]
[SourceDate "2022.10.05"]
[SourceVersion "1"]
[SourceVersionDate "2022.10.05"]
[SourceQuality "1"]

1. d4 Nf6 2. Nf3 g6 3. c4 Bg7 4. Nc3 0-0 5. e4 d6 6. Be2 e5 7. d5 Nbd7 8. 0-0 Nh5 9. Bg5 f6 10. Bh4 Nf4 11. b4 Rf7 12. Nd2 a5 13. a3 Bh6 14. Qc2 Bg5 15. Bxg5 fxg5 16. Bg4 Qf6 17. g3 h5 18. Be6 Nxe6 19. dxe6 Qxe6 20. Nd5 Nf6 21. Rac1 h4 22. c5 Qh3 23. cxd6 Ng4 24. Ne7+ Kh7 0-1

[Event "Lublin Region-ch"]
[Site "Lublin"]
[Date "2010.04.24"]
[Round "3.3"]
[White "Bartoszek, Jakub"]
[Black "Bednarczyk, Alicja"]
[Result "0-1"]
[WhiteElo "1739"]
[BlackElo "1480"]
[PlyCount "60"]
[EventDate "2010.04.23"]
[EventType "swiss"]
[EventRounds "5"]
[EventCountry "POL"]
[SourceTitle "EXT 2023"]
[Source "ChessBase"]
[SourceDate "2022.10.05"]
[SourceVersion "1"]
[SourceVersionDate "2022.10.05"]
[SourceQuality "1"]

1. d4 d5 2. c4 c6 3. cxd5 cxd5 4. Nc3 Nf6 5. Nf3 Nc6 6. Bf4 Bf5 7. e3 e6 8. Bb5 Rc8 9. Qa4 Qb6 10. Ne5 Be7 11. 0-0 0-0 12. Bxc6 bxc6 13. b3 c5 14. dxc5 Rxc5 15. Ne2 Rfc8 16. Ng3 Bg6 17. Bg5 Ra5 18. Qf4 h6 19. Bxf6 Bxf6 20. b4 Ra4 21. a3 Qc7 22. Nxg6 Bxa1 23. Rxa1 fxg6 24. Qg4 Qe5 25. Rd1 Qf6 26. Ne2 Rxa3 27. Nf4 Ra1 28. h3 Rxd1+ 29. Qxd1 g5 30. Nd3 Rc3 0-1

[Event "Lublin Region-ch"]
[Site "Lublin"]
[Date "2010.04.24"]
[Round "2.6"]
[White "Bednarczyk, Sylwester"]
[Black "Bartoszek, Jakub"]
[Result "0-1"]
[WhiteElo "1484"]
[BlackElo "1739"]
[PlyCount "78"]
[EventDate "2010.04.23"]
[EventType "swiss"]
[EventRounds "5"]
[EventCountry "POL"]
[SourceTitle "EXT 2023"]
[Source "ChessBase"]
[SourceDate "2022.10.05"]
[SourceVersion "1"]
[SourceVersionDate "2022.10.05"]
[SourceQuality "1"]

1. e4 e6 2. Qe2 c5 3. d3 Nc6 4. Nf3 g6 5. g3 Bg7 6. Nc3 Nge7 7. Bg2 0-0 8. 0-0 d5 9. exd5 exd5 10. Bf4 Bg4 11. Qd2 Qd7 12. Bh6 Bh3 13. Nh4 Bxg2 14. Kxg2 Nf5 15. Nxf5 Qxf5 16. Qg5 Bxh6 17. Qxh6 Nd4 18. h4 Nxc2 19. Rad1 Nb4 20. Qg5 Qxg5 21. hxg5 d4 22. Ne4 b6 23. Nf6+ Kg7 24. Rh1 h5 25. a3 Nc6 26. g4 Rh8 27. gxh5 gxh5 28. f4 Kg6 29. Rh4 Ne7 30. Rdh1 Nf5 31. Rxh5 Rxh5 32. Rxh5 Rc8 33. Rh1 c4 34. Rc1 c3 35. b3 Ne3+ 36. Kf3 Rh8 37. Ke4 Rd8 38. Rh1 Nf5 39. Nd5 Ng3+ 0-1

[Event "POL-ch U16"]
[Site "Karpacz"]
[Date "2010.03.10"]
[Round "7"]
[White "Bartoszek, Jakub"]
[Black "Chomski, Maciej"]
[Result "1-0"]
[WhiteElo "1739"]
[BlackElo "1836"]
[PlyCount "95"]
[EventDate "2010.03.06"]
[EventType "swiss"]
[EventRounds "11"]
[EventCountry "POL"]
[SourceTitle "CBM 135 Extra"]
[Source "ChessBase"]
[SourceDate "2010.05.04"]
[SourceVersion "1"]
[SourceVersionDate "2010.05.04"]
[SourceQuality "1"]

1. d4 Nf6 2. c4 g6 3. Nc3 Bg7 4. e4 d6 5. Nf3 0-0 6. Be2 Nbd7 7. 0-0 e5 8. d5 h6 9. Qc2 Nh7 10. b4 f5 11. Nd2 a5 12. bxa5 Rxa5 13. Nb3 Ra8 14. f3 f4 15. Nb5 b6 16. Bd2 Rf7 17. a4 Nc5 18. a5 Ra6 19. Ra2 g5 20. axb6 cxb6 21. Rfa1 Rxa2 22. Qxa2 Bb7 23. Nxc5 bxc5 24. Ba5 Qb8 25. Bc7 Rxc7 26. Nxc7 Qxc7 27. Qa7 Qf7 28. Qb8+ Bf8 29. Ra7 Qg6 30. Qxb7 g4 31. fxg4 Qxe4 32. Qf7+ Kh8 33. Bf1 Qe3+ 34. Kh1 Qe4 35. Ra8 Qe1 36. Rxf8+ Nxf8 37. Qxf8+ Kh7 38. Qf5+ Kg7 39. Qd3 Qf2 40. Qf3 Qe1 41. h3 Kg6 42. Kh2 Kg7 43. Bd3 Kg8 44. Qe4 Qg3+ 45. Kg1 Kf8 46. Qf5+ Kg8 47. Qg6+ Kf8 48. Qxd6+ 1-0

[Event "POL-ch U16"]
[Site "Karpacz"]
[Date "2010.03.08"]
[Round "3"]
[White "Bartoszek, Jakub"]
[Black "Malaczek, Mateusz"]
[Result "0-1"]
[WhiteElo "1739"]
[BlackElo "1841"]
[PlyCount "80"]
[EventDate "2010.03.06"]
[EventType "swiss"]
[EventRounds "11"]
[EventCountry "POL"]
[SourceTitle "CBM 135 Extra"]
[Source "ChessBase"]
[SourceDate "2010.05.04"]
[SourceVersion "1"]
[SourceVersionDate "2010.05.04"]
[SourceQuality "1"]

1. d4 d5 2. c4 e5 3. dxe5 d4 4. Nf3 Nc6 5. g3 Nge7 6. Bg2 Ng6 7. 0-0 Be6 8. b3 Qd7 9. Bb2 0-0-0 10. Nbd2 Be7 11. a3 h5 12. b4 h4 13. b5 Ncxe5 14. Nxd4 hxg3 15. fxg3 Bh3 16. N4f3 Bxg2 17. Kxg2 Qh3+ 18. Kg1 Nxf3+ 19. Nxf3 Rxd1 20. Raxd1 Bc5+ 21. Bd4 Bxd4+ 22. Rxd4 Ne5 23. Rh4 Nxf3+ 24. Rxf3 Rxh4 25. gxh4 Qxh4 26. Rxf7 Qe1+ 27. Rf1 Qxe2 28. Rf8+ Kd7 29. Rf7+ Kd6 30. Rxg7 Qe3+ 31. Kg2 Qe4+ 32. Kh3 Qxc4 33. Rg6+ Kc5 34. Rg5+ Kb6 35. Rg6+ Kxb5 36. Rg5+ c5 37. Rg3 Ka5 38. Rg4 Qe6 39. Kg3 c4 40. Rg5+ b5 0-1

[Event "Augustow qual zone MPJ+OOM U15"]
[Site "Augustow"]
[Date "2009.10.08"]
[Round "7.5"]
[White "Oleksza, Radoslaw"]
[Black "Bartoszek, Jakub"]
[Result "0-1"]
[WhiteElo "1544"]
[BlackElo "1738"]
[PlyCount "90"]
[EventDate "2009.10.04"]
[EventType "swiss"]
[EventRounds "9"]
[EventCountry "POL"]
[SourceTitle "EXT 2023"]
[Source "ChessBase"]
[SourceDate "2022.10.05"]
[SourceVersion "1"]
[SourceVersionDate "2022.10.05"]
[SourceQuality "1"]

1. d4 Nf6 2. c4 g6 3. Nc3 d6 4. e4 Bg7 5. Nf3 0-0 6. Be2 e5 7. dxe5 dxe5 8. Qxd8 Rxd8 9. Nxe5 Nxe4 10. Nxf7 Bxc3+ 11. bxc3 Kxf7 12. 0-0 c6 13. Re1 Nf6 14. Bg5 Re8 15. c5 Nd5 16. c4 Nf6 17. Kf1 Na6 18. f3 Nxc5 19. Red1 Ne6 20. Bh4 c5 21. Rd6 g5 22. Bg3 Nd4 23. Bd3 Nf5 24. Bxf5 Bxf5 25. Rad1 b6 26. h4 g4 27. Bf4 gxf3 28. gxf3 Be6 29. Bg5 Bxc4+ 30. Kg1 Re6 31. Rxe6 Bxe6 32. a3 Rc8 33. Kf2 c4 34. Rc1 c3 35. Ke3 c2 36. Kd2 Bb3 37. Be3 b5 38. Bd4 a5 39. Bb6 a4 40. Ba5 Nd5 41. Re1 Ra8 42. Bc3 Nxc3 43. Kxc3 Re8 44. Rc1 Rd8 45. Kb2 Rd1 0-1

[Event "Augustow qual zone MPJ+OOM U15"]
[Site "Augustow"]
[Date "2009.10.06"]
[Round "4.4"]
[White "Milewski, Karol"]
[Black "Bartoszek, Jakub"]
[Result "1/2-1/2"]
[WhiteElo "1699"]
[BlackElo "1738"]
[PlyCount "62"]
[EventDate "2009.10.04"]
[EventType "swiss"]
[EventRounds "9"]
[EventCountry "POL"]
[SourceTitle "EXT 2023"]
[Source "ChessBase"]
[SourceDate "2022.10.05"]
[SourceVersion "1"]
[SourceVersionDate "2022.10.05"]
[SourceQuality "1"]

1. e4 e6 2. d4 d5 3. exd5 exd5 4. c4 Nf6 5. Nc3 Bb4 6. a3 Bxc3+ 7. bxc3 0-0 8. Bd3 c6 9. Ne2 Bg4 10. f3 Bh5 11. 0-0 Bg6 12. Bxg6 hxg6 13. c5 Nbd7 14. Qa4 Re8 15. Ng3 Qc7 16. c4 b6 17. cxd5 cxd5 18. cxb6 Nxb6 19. Qb5 Nc4 20. Bg5 Rab8 21. Qa4 Nb2 22. Qa6 Rb6 23. Qa5 Nc4 24. Qc3 Reb8 25. Qc1 R8b7 26. Bxf6 gxf6 27. Qh6 Qb8 28. Rae1 Rb1 29. Nh5 gxh5 30. Qxf6 Rxe1 31. Qg5+ Kf8 1/2-1/2

[Event "Augustow qual zone MPJ+OOM U15"]
[Site "Augustow"]
[Date "2009.10.05"]
[Round "1.6"]
[White "Bartoszek, Jakub"]
[Black "Puszkarski, Piotr"]
[Result "1-0"]
[WhiteElo "1738"]
[BlackElo "1499"]
[PlyCount "83"]
[EventDate "2009.10.04"]
[EventType "swiss"]
[EventRounds "9"]
[EventCountry "POL"]
[SourceTitle "EXT 2023"]
[Source "ChessBase"]
[SourceDate "2022.10.05"]
[SourceVersion "1"]
[SourceVersionDate "2022.10.05"]
[SourceQuality "1"]

1. d4 d5 2. c4 e6 3. Nc3 Nf6 4. Bg5 Be7 5. cxd5 exd5 6. Nf3 0-0 7. e3 Bf5 8. Bd3 Bg6 9. Bxf6 Bxf6 10. Bxg6 hxg6 11. Qb3 c6 12. Qxb7 Qb6 13. Qxb6 axb6 14. 0-0 Nd7 15. Rfc1 Rfc8 16. Rc2 b5 17. Rac1 Nb6 18. b3 g5 19. h3 Kf8 20. Ne2 Nd7 21. Rxc6 Rxc6 22. Rxc6 Rxa2 23. Nc3 Rc2 24. Rc8+ Bd8 25. Rxd8+ Ke7 26. Rc8 Ke6 27. Nxg5+ Kf5 28. Nxf7 b4 29. Nd6+ Ke6 30. Ncb5 Rb2 31. Nb7 Rxb3 32. Nc5+ Nxc5 33. Rxc5 Rb1+ 34. Kh2 b3 35. Rc3 b2 36. Rb3 Kf5 37. f3 g5 38. Kg3 Kg6 39. Kf2 Kf5 40. e4+ dxe4 41. fxe4+ Ke6 42. e5 1-0

[Event "Augustow qual zone MPJ+OOM U15"]
[Site "Augustow"]
[Date "2009.10.05"]
[Round "3.5"]
[White "Bartoszek, Jakub"]
[Black "Stasiewicz, Jan"]
[Result "1-0"]
[WhiteElo "1738"]
[BlackElo "1553"]
[PlyCount "91"]
[EventDate "2009.10.04"]
[EventType "swiss"]
[EventRounds "9"]
[EventCountry "POL"]
[SourceTitle "EXT 2023"]
[Source "ChessBase"]
[SourceDate "2022.10.05"]
[SourceVersion "1"]
[SourceVersionDate "2022.10.05"]
[SourceQuality "1"]

1. d4 d5 2. c4 e6 3. Nc3 Nf6 4. Bg5 Be7 5. Nf3 Nbd7 6. cxd5 Nxd5 7. Bxe7 Qxe7 8. e4 N5f6 9. Qc2 c6 10. Bd3 e5 11. Nxe5 Nxe5 12. dxe5 Qxe5 13. Ne2 Be6 14. h3 Rd8 15. 0-0 Nh5 16. b3 Nf4 17. Nxf4 Qxf4 18. Rad1 0-0 19. Bc4 Bxc4 20. Qxc4 Rfe8 21. Qb4 Qc7 22. Rfe1 h6 23. Rxd8 Rxd8 24. e5 Re8 25. Qd4 Qa5 26. Re2 Rd8 27. Qg4 Qd5 28. Re1 Qd2 29. Re2 Qd1+ 30. Kh2 Qd5 31. f4 Re8 32. Re1 Re6 33. Rd1 Qa5 34. Qf5 Rg6 35. a4 Qc3 36. Qd3 Qc5 37. Rd2 Qb4 38. Rf2 Qe1 39. Re2 Qb4 40. f5 Rg5 41. e6 Qf4+ 42. g3 Qf1 43. e7 Rxf5 44. e8Q+ Kh7 45. Qxf5+ Qxf5 46. Qe4 1-0

[Event "Augustow qual zone MPJ+OOM U15"]
[Site "Augustow"]
[Date "2009.10.05"]
[Round "2.2"]
[White "Bartoszek, Marcin"]
[Black "Bartoszek, Jakub"]
[Result "1-0"]
[WhiteElo "1793"]
[BlackElo "1738"]
[PlyCount "72"]
[EventDate "2009.10.04"]
[EventType "swiss"]
[EventRounds "9"]
[EventCountry "POL"]
[SourceTitle "EXT 2023"]
[Source "ChessBase"]
[SourceDate "2022.10.05"]
[SourceVersion "1"]
[SourceVersionDate "2022.10.05"]
[SourceQuality "1"]

1. d4 d5 2. c4 c6 3. Nc3 Nf6 4. Nf3 Nbd7 5. Bg5 e6 6. e3 Be7 7. cxd5 exd5 8. Bd3 0-0 9. 0-0 Re8 10. Qc2 Nf8 11. Bxf6 Bxf6 12. b4 a5 13. b5 g6 14. bxc6 bxc6 15. Na4 Qc7 16. a3 Ne6 17. Nc5 Nxc5 18. Qxc5 Be7 19. Qc3 Bd7 20. Bb5 Rec8 21. Ba4 Rab8 22. Rfc1 c5 23. Bxd7 Qxd7 24. Qxa5 cxd4 25. Nxd4 Bf6 26. h3 Rxc1+ 27. Rxc1 Rc8 28. Rxc8+ Qxc8 29. Qa7 Bxd4 30. Qxd4 Qc1+ 31. Kh2 Qc4 32. a4 Qc7+ 33. g3 Qd7 34. Kg2 Qc6 35. h4 Qd7 36. a5 Qc6 1-0

[Event "Chojnice op-B"]
[Site "Chojnice"]
[Date "2009.07.17"]
[Round "9"]
[White "Walczak, Krystian"]
[Black "Bartoszek, Jakub"]
[Result "1-0"]
[WhiteElo "1964"]
[BlackElo "1683"]
[PlyCount "49"]
[EventDate "2009.07.11"]
[EventType "swiss"]
[EventRounds "9"]
[EventCountry "POL"]
[SourceTitle "EXT 2011"]
[Source "ChessBase"]
[SourceDate "2010.11.26"]
[SourceVersion "1"]
[SourceVersionDate "2010.11.26"]
[SourceQuality "1"]

1. e4 e6 2. d4 d5 3. Nc3 Bb4 4. e5 c5 5. a3 Bxc3+ 6. bxc3 Ne7 7. f4 Qc7 8. Bd2 Bd7 9. Nf3 cxd4 10. cxd4 Nbc6 11. Bd3 Na5 12. Bb4 Nc4 13. Qe2 Rc8 14. Nd2 Bb5 15. Nb3 0-0 16. a4 Bc6 17. 0-0 Nb2 18. Bd6 Qd8 19. Qh5 Nxd3 20. cxd3 Re8 21. g4 Qb6 22. Rab1 Ng6 23. Nc5 Qa5 24. f5 Nf8 25. fxe6 1-0

[Event "Chojnice op-B"]
[Site "Chojnice"]
[Date "2009.07.15"]
[Round "7"]
[White "Bartoszek, Jakub"]
[Black "Dus, Leszek"]
[Result "1-0"]
[WhiteElo "1683"]
[BlackElo "1886"]
[PlyCount "73"]
[EventDate "2009.07.11"]
[EventType "swiss"]
[EventRounds "9"]
[EventCountry "POL"]
[SourceTitle "EXT 2011"]
[Source "ChessBase"]
[SourceDate "2010.11.26"]
[SourceVersion "1"]
[SourceVersionDate "2010.11.26"]
[SourceQuality "1"]

1. d4 c5 2. d5 e5 3. c4 d6 4. e4 Be7 5. Nc3 Na6 6. Be2 Nc7 7. Nf3 Bf6 8. Be3 Ne7 9. Qd2 a6 10. a4 h6 11. 0-0 g5 12. Ne1 Ng6 13. Bh5 Nf4 14. Bxf4 gxf4 15. g3 Rg8 16. Kh1 Bg4 17. Bxg4 Rxg4 18. f3 Rg6 19. gxf4 exf4 20. Qxf4 Be5 21. Qd2 Qh4 22. f4 Bh8 23. Nd3 0-0-0 24. Rg1 Rdg8 25. Rxg6 Rxg6 26. Rg1 Qh3 27. Rxg6 fxg6 28. Qe2 g5 29. e5 gxf4 30. Nxf4 Qf5 31. exd6 Qxf4 32. dxc7 Be5 33. Ne4 b6 34. b3 Kxc7 35. Ng3 Bd4 36. Kg2 Be5 37. Qf2 1-0

[Event "Chojnice op-B"]
[Site "Chojnice"]
[Date "2009.07.14"]
[Round "5"]
[White "Zbrzezny, Tomasz"]
[Black "Bartoszek, Jakub"]
[Result "0-1"]
[WhiteElo "1850"]
[BlackElo "1683"]
[PlyCount "93"]
[EventDate "2009.07.11"]
[EventType "swiss"]
[EventRounds "9"]
[EventCountry "POL"]
[SourceTitle "EXT 2011"]
[Source "ChessBase"]
[SourceDate "2010.11.26"]
[SourceVersion "1"]
[SourceVersionDate "2010.11.26"]
[SourceQuality "1"]

1. d4 Nf6 2. c4 g6 3. Nc3 Bg7 4. e4 d6 5. Nf3 0-0 6. Be2 e5 7. d5 Bg4 8. 0-0 Na6 9. Ne1 Bxe2 10. Qxe2 Nh5 11. g3 Qe8 12. Nd3 f5 13. f3 Kh8 14. Bd2 f4 15. g4 Nf6 16. h4 Qe7 17. Be1 Nd7 18. b4 g5 19. h5 h6 20. Bf2 b6 21. a3 Rac8 22. Rfc1 Rg8 23. Nb2 Nab8 24. Rc2 Bf8 25. Rac1 Qf7 26. Qd3 Nf6 27. Nb5 a6 28. Na7 Re8 29. c5 b5 30. cxd6 Bxd6 31. Bc5 Nbd7 32. Bxd6 cxd6 33. Rc6 Nxh5 34. gxh5 g4 35. Kf1 gxf3 36. Qxf3 Rg3 37. Qh1 Reg8 38. Rc8 Nf8 39. R1c7 Qf6 40. Rc3 f3 41. Rxf8 Qxf8 42. Rc8 Qf4 43. Rxg8+ Kxg8 44. Qh2 Qc1+ 45. Kf2 Rg2+ 46. Qxg2+ fxg2 47. Kxg2 0-1

[Event "POL-chT U14 15th"]
[Site "Sielpia"]
[Date "2009.04.30"]
[Round "5"]
[White "Jarmula, Pawel"]
[Black "Bartoszek, Jakub"]
[Result "1-0"]
[WhiteElo "1707"]
[BlackElo "1683"]
[PlyCount "115"]
[EventDate "2009.04.27"]
[EventType "team-tourn"]
[EventRounds "10"]
[EventCountry "POL"]
[SourceTitle "EXT 2011"]
[Source "ChessBase"]
[SourceDate "2010.11.26"]
[SourceVersion "1"]
[SourceVersionDate "2010.11.26"]
[SourceQuality "1"]

1. e4 c5 2. Nf3 e6 3. b3 d6 4. Bb2 Nf6 5. e5 dxe5 6. Nxe5 Be7 7. Bd3 Qc7 8. 0-0 0-0 9. Na3 a6 10. f4 b5 11. Rf3 Bb7 12. Rh3 h6 13. c4 b4 14. Nc2 Nc6 15. Ne3 Rfd8 16. N3g4 Nxg4 17. Qxg4 Bf6 18. Re1 Bxe5 19. fxe5 Nd4 20. Ree3 Kh8 21. Rh5 Nf5 22. Reh3 Qc6 23. Qg5 Qxg2+ 24. Qxg2 Bxg2 25. Kxg2 g6 26. Rxf5 gxf5 27. Rxh6+ Kg7 28. Rh3 a5 29. Rg3+ Kf8 30. Kf2 a4 31. Ke2 axb3 32. axb3 Ra2 33. Bc1 Ke7 34. h4 Ra1 35. Kd1 Rh8 36. Rh3 Raa8 37. Kc2 Rad8 38. Be2 Rh7 39. d3 Rd7 40. Be3 Rc7 41. Rh1 f6 42. exf6+ Kxf6 43. Bg5+ Ke5 44. Re1 Ra7 45. Bh5+ Kd6 46. Bg6 Ra2+ 47. Kb1 Rha7 48. Bf6 Kd7 49. h5 Rh2 50. Bg7 Ra3 51. h6 Rxb3+ 52. Kc1 Rxd3 53. Bf7 Rdh3 54. Bxe6+ Kd6 55. Be5+ Kxe6 56. Bxh2+ Kf6 57. Bf4 Kg6 58. Rg1+ 1-0

[Event "POL-chT U14 15th"]
[Site "Sielpia"]
[Date "2009.04.29"]
[Round "4"]
[White "Bartoszek, Jakub"]
[Black "Musialkiewicz, Pawel"]
[Result "0-1"]
[WhiteElo "1683"]
[BlackElo "1897"]
[PlyCount "88"]
[EventDate "2009.04.27"]
[EventType "team-tourn"]
[EventRounds "10"]
[EventCountry "POL"]
[SourceTitle "EXT 2011"]
[Source "ChessBase"]
[SourceDate "2010.11.26"]
[SourceVersion "1"]
[SourceVersionDate "2010.11.26"]
[SourceQuality "1"]

1. d4 d5 2. c4 c6 3. cxd5 cxd5 4. Nc3 Nf6 5. Nf3 Nc6 6. Bf4 Bf5 7. e3 e6 8. Bb5 Be7 9. 0-0 0-0 10. Bxc6 bxc6 11. Rc1 Nh5 12. Ne5 Nxf4 13. Nxc6 Nh3+ 14. gxh3 Qd7 15. Nxe7+ Qxe7 16. Qf3 Rac8 17. Rfe1 Qh4 18. Qg3 Qxh3 19. Qxh3 Bxh3 20. Ne2 f6 21. Rxc8 Rxc8 22. Rc1 e5 23. Rxc8+ Bxc8 24. Nc3 exd4 25. Nxd5 Be6 26. Nf4 dxe3 27. fxe3 Bxa2 28. Kf2 Bc4 29. h4 g5 30. hxg5 fxg5 31. Nh3 h6 32. Kg3 Kg7 33. Nf2 h5 34. Ne4 Kg6 35. Nd6 h4+ 36. Kh3 Be6+ 37. Kh2 g4 38. Nb5 g3+ 39. Kg2 Bg4 40. Nd4 Bc8 41. Nf3 Kh5 42. Nd4 Kg4 43. Ne2 h3+ 44. Kg1 h2+ 0-1

[Event "POL-chT U14 15th"]
[Site "Sielpia"]
[Date "2009.04.28"]
[Round "2"]
[White "Malaczek, Mateusz"]
[Black "Bartoszek, Jakub"]
[Result "1-0"]
[WhiteElo "1796"]
[BlackElo "1683"]
[PlyCount "49"]
[EventDate "2009.04.27"]
[EventType "team-tourn"]
[EventRounds "10"]
[EventCountry "POL"]
[SourceTitle "EXT 2011"]
[Source "ChessBase"]
[SourceDate "2010.11.26"]
[SourceVersion "1"]
[SourceVersionDate "2010.11.26"]
[SourceQuality "1"]

1. e4 c5 2. Nf3 e6 3. d4 cxd4 4. Nxd4 a6 5. c4 Qc7 6. Bd3 Nf6 7. 0-0 Be7 8. Qe2 d6 9. Kh1 0-0 10. f4 Nbd7 11. Nd2 Nc5 12. Bb1 Rd8 13. N2f3 d5 14. exd5 exd5 15. Nf5 Nce4 16. N3h4 g6 17. Nh6+ Kg7 18. cxd5 Kxh6 19. Bxe4 Nxe4 20. Qxe4 Bxh4 21. f5+ Bg5 22. Qh4+ Kg7 23. Bxg5 Rd6 24. Qh6+ Kg8 25. f6 1-0